02279nam a2200325 a 450000100060000000300080000600500170001400800390003102000340007003500190010404000230012304100080014608200280015424500810018226000810026330000260034450001070037050400410047750508910051865000580140965000580146765100600152565100650158570000280165070000260167871000730170494200120177799900170178995201470180627297BD-RjUL20211209051133.0140324s1979 enk b 100 0 eng a0391010050 (Humanities Press) a(BD-RjUL)27369 aDLCcDLCdDLCbeng aeng00a306.20954219bPOL 197900aPolitical identity in South Asia /cedited by David Taylor and Malcolm Yapp. aLondon :bCurzon Press ;aAtlantic Highlands, NJ :bHumanities Press,c1979. axii, 266 p. ;c22 cm. aPapers first presented at a conference held at the School of Oriental and African Studies in May 1978. aIncludes bibliographical references.0 aLanguage, religion, and political identity / Malcolm Yapp -- Elite groups, symbol manipulation, and ethnic identity among the Muslims of South Asia / Paul R. Brass -- Islam and Muslim separatism / Francis Robinson -- Language, religion, and political identity : the case of the Majlis-e-Ittehadul-Muslimeen in Andhra Pradesh / G. Ram Reddy -- Region and nation : the Telengana movement's dual identity / Dagmar Bernstorff -- Conflicting roles of language and regionalism in an Indian state / R.V.R. Chandrasekhara Rao -- Language, religion, and political identity in Karnataka / James Manor -- Ethnic groups in the politics of Sri Lanka / Urmila Phadnis -- Language, religion, and political economy : the case of Bangladesh / T.V. Sathyamurthy -- The changing position of tribal populations in India / Christoph von Fürer-Haimendorf -- Political identity in South Asia / David Taylor. 0aReligion and politicszSouth AsiaxCongresses.983806 0aEthnic groupsxPolitical activityxCongresses.983807 0aSouth AsiaxPolitics and governmentxCongresses.977261 0aSouth AsiaxLanguagesxPolitical aspectsxCongresses.9838081 aTaylor, David D.9838091 aYapp, Malcolm.9819302 aUniversity of London.bSchool of Oriental and African Studies.98873 2ddccBK c27297d27297 00102ddc40728NFICaRUCLbRUCLcReadingd1984-06-16eU.P ltd Dhakag225.00l0o306.20954 POL 1979r2014-03-24 00:00:00tC-1w2014-03-24yBK